00559cam a2200217 a 45000010009000000050017000090080041000260100017000670200015000840350023000990400018001220410008001400420008001480800015001560820019001711000007001901010008001972450067002052460028002725040041003001432835320180123044843.0060404s2004 dcua b 000 0 eng  a 2004105545 a1928896162 a(OCoLC)ocm59360467 aDLCcDLCdDLC aeng apcc a372.21 KOR00a372.21 KOR222 a46 aEDU00aSpotlight on young children and play /cDerry Koralek, editor.30aYoung children and play aIncludes bibliographical references.